[Event "GABIJ"]
[Site "SchemingMind.com"]
[Date "2022.01.09"]
[Round "-"]
[White "Xuvmok"]
[Black "Derek Price"]
[Result "0-1"]
[WhiteCountry "SWE"]
[BlackCountry "ENG"]
[WhiteElo "2092"]
[WhiteRD "78"]
[BlackElo "2383"]
[BlackRD "72"]
[GameID "719371"]

1. e4 c5 2. Nf3 d6 3. d4 cxd4 4. Nxd4 Nf6 5. Nc3 a6 6. Be3 e5 7. Nb3 Be6 8. f3 h5 9. Qd2 Nbd7 10. O-O-O Be7
11. Kb1 Rc8 12. h3 b5 13. a3 h4 14. Bg5 Qb6 15. Be2 b4 16. axb4 Qxb4 17. Nd5 Qxd2 18. Nxf6+ gxf6 19. Bxd2 Rb8 20. Na5 Rg8
21. Bxa6 Nc5 22. Bf1 f5 23. Nc6 Rb6 24. exf5 Bxf5 25. Nb4 Be6 26. Be1 Kd7 27. Nd5 Bxd5 28. Rxd5 Kc6 29. Bc4 Rgb8 30. b3 Ne6
31. Ra5 Nf4 32. Bf2 Bd8 33. Bxb6 Bxb6 34. Ra6 Rg8 35. Bxf7 Rxg2 36. Ra8 Rf2 37. Rh8 Rxf3 38. Be8+ Kc5 39. Bd7 d5 40. Rxh4 Ba5
41. Rh8 e4 42. Bg4 Rg3 43. Rc8+ Kd4 44. Rd1+ Ke3 45. c3 Rg2 46. b4 Bb6 47. Rc6 Ba7 48. b5 Bb8 49. b6 Nd3 50. Ka1 Be5
51. b7 Rc2 52. Rf1 Kd2 53. Rc8 d4 54. Bf5 e3 55. Bxd3 Kxd3 56. Re8 Bh2 57. Rh1 Bf4 58. cxd4 Rg2 59. d5 Rg7 60. Rd1+ Ke2
61. Rd4 Bh2 62. b8=Q Bxb8 63. Rxb8 Kf1 64. Rf8+ Ke1 65. Kb2 Rb7+ 66. Kc3 Rc7+ 67. Kd3 e2 68. Re4 Rc2 69. Rf1+ Kxf1
0-1

[Event "GABIJ"]
[Site "SchemingMind.com"]
[Date "2022.01.08"]
[Round "-"]
[White "Phillip Beckett"]
[Black "Xuvmok"]
[Result "0-1"]
[WhiteCountry "ENG"]
[BlackCountry "SWE"]
[WhiteElo "1488"]
[WhiteRD "55"]
[BlackElo "2218"]
[BlackRD "67"]
[GameID "719373"]

1. d4 d5 2. e3 Bf5 3. c4 c6 4. Nc3 e6 5. Qb3 Qb6 6. c5 Qc7 7. Nf3 Be7 8. Ne5 Nd7 9. f4 Nxe5 10. fxe5 h5
11. Na4 f6 12. exf6 Nxf6 13. Bd3 Ng4 14. Bxf5 exf5 15. h3 Qg3+ 16. Ke2 Qxg2+ 17. Kd3 Nf2+ 18. Kd2 Qxh1
0-1

[Event "GABIJ"]
[Site "SchemingMind.com"]
[Date "2022.01.08"]
[Round "-"]
[White "ray winteringham"]
[Black "Xuvmok"]
[Result "0-1"]
[WhiteCountry "ENG"]
[BlackCountry "SWE"]
[WhiteElo "1457"]
[WhiteRD "49"]
[BlackElo "2218"]
[BlackRD "67"]
[GameID "719374"]

1. e4 e5 2. Nf3 Nc6 3. Bb5 a6 4. Bxc6 dxc6 5. O-O f6 6. d3 Bd6 7. Be3 Be6 8. Nbd2 c5 9. c4 b6 10. a3 Ne7
11. h3 O-O 12. b3 Nc6 13. Qc2 Qd7 14. Nh2 a5 15. f3 a4 16. bxa4 Nd4 17. Bxd4 cxd4 18. Qb2 Qxa4 19. Rfb1 Bxa3 20. Qa2 Ra7
21. Qb3 Rfa8 22. Rb2 Qxb3 23. Rxb3 Bf8 24. Rab1 Ra2 25. Nhf1 Ba3 26. g4 Bd7 27. Re1 Ba4 28. Rbb1 Bc2 29. Ra1 Bb4 30. Rec1 Bxd3
31. Rxa2 Rxa2 32. Nb1 Ra1 33. Kf2 Rxb1 34. Rxb1 Bxb1 35. Ng3 Bd3 36. Nf5 Bxc4
0-1